| 000 | 01729nam a22004697a 4500 | ||
|---|---|---|---|
| 001 | 228 | ||
| 003 | FISKH | ||
| 005 | 20240611140617.0 | ||
| 008 | 230307b cb ||||| |||| 00| 0 eng d | ||
| 040 |
_aNJQ/DLC _beng _cNJQ _erda _dDLC _dFISKH |
||
| 050 | 0 | 0 |
_aPZ8.3.D7235 _bZo 2017 |
| 082 | 0 | 4 |
_a823.92 _223 |
| 100 | 1 |
_aDonaldson, Julia, _eauthor. |
|
| 245 | 1 | 0 |
_aZog and the flying doctors / _cby Julia Donaldson & illustrated by Axel Scheffler. |
| 250 | _aFirst American edition. | ||
| 264 | 1 |
_aLondon _bScholastic _c2016 |
|
| 300 |
_a16 leaves of plates _bcolor illustrations ; _c26 x 29 cm |
||
| 336 |
_atext _2rdacontent |
||
| 336 |
_astill image _2rdacontent |
||
| 337 |
_aunmediated _2rdamedia |
||
| 338 |
_avolume _2rdacarrier |
||
| 505 | _aM | ||
| 520 | _aZog the dragon, Princess Pearl, and Sir Gadabout form a team of flying doctors, treating the kingdoms subjects; but Pearl's uncle, the king, disapproves and locks her in the castle--until he becomes ill and discovers that only Pearl and her companions can cure him. | ||
| 521 | 8 |
_a710
_bLexile |
|
| 521 | 8 |
_aM
_bRaz-Plus |
|
| 521 | 8 | _aAD | |
| 650 | 0 |
_aPrincesses _vJuvenile fiction. |
|
| 650 | 0 |
_aDragons _vJuvenile fiction. |
|
| 650 | 0 |
_aPhysicians _vJuvenile fiction. |
|
| 650 | 0 |
_aKings and rulers _vJuvenile fiction. |
|
| 650 | 0 | _aStories in rhyme. | |
| 650 | 1 | _aStories in rhyme. | |
| 650 | 1 |
_aPrincesses _vFiction. |
|
| 650 | 1 |
_aSex role _vFiction. |
|
| 650 | 1 |
_aDragons _vFiction. |
|
| 650 | 1 |
_aPhysicians _vFiction. |
|
| 650 | 1 |
_aKings, queens, rulers, etc. _vFiction. |
|
| 655 | 7 |
_aStories in rhyme. _2lcgft |
|
| 700 | 1 |
_aScheffler, Axel, _eillustrator. |
|
| 906 |
_a7 _bcbc _corignew _d1 _eecip _f20 _gy-gencatlg |
||
| 942 |
_2ddc _cBK _n0 |
||
| 999 |
_c228 _d228 |
||